000 01133nam a2200229 u 4500
001 000375452
003 AM-YeHGA
005 20250617132020.0
008 030606s1975 ||| r 000 0 rus d
040 _aAM-YeHGA
041 0 _arus
100 1 _aВоронина, З.Ф.
245 1 0 _aПневматические двигатели ручных машин :
_bОбзор /
_cЗ.Ф. Воронина; ЦНИИТЭстроймаш.
260 _aМосква :
_bИзд-во ЦНИИТЭстроймаш,
_c1975.
300 _a29 с. :
_bил.
440 0 _aСерия IV. Механизированный инструмент и отделочные машины
504 _bБиблиогр.: 20 назв.
650 1 4 _aПневматические двигатели
710 2 _aМин-во строительного, дорожного и коммунального машиностроения
710 2 _aЦентральный и научно-исследовательский по строительному, дорожному и коммунальному машиностроению
090 _c144838
999 _c143457
_d143457